000
00259nam a22001217a 4500
008
180905b xxu||||| |||| 00| 0 eng d
041
_a
eng
080
_a
574
100
_a
9
101
_a
Mje
245
_a
Western Water Resources
_c
Jam,M
942
_2
udc
_c
BK
999
_c
47556
_d
47556